The modern World e history / (Registro nro. 13167)

Detalles MARC
000 -LEADER
fixed length control field 00633nam a2200205 4500
003 - CONTROL NUMBER IDENTIFIER
control field DO-SdBNP
005 - DATE AND TIME OF LATEST TRANSACTION
control field 20171128122420.0
008 - FIXED-LENGTH DATA ELEMENTS--GENERAL INFORMATION
fixed length control field 171128b2000 xxu ||| |||| 00| 0 spa d
020 ## - INTERNATIONAL STANDARD BOOK NUMBER
International Standard Book Number 0536598126
040 ## - CATALOGING SOURCE
Original cataloging agency DO-SdBNP
Language of cataloging spa
Transcribing agency DO-SdBNP
082 #4 - DEWEY DECIMAL CLASSIFICATION NUMBER
Classification number xx
Item number xx
100 ## - MAIN ENTRY--PERSONAL NAME
Personal name Lankevich, George L.
245 ## - TITLE STATEMENT
Title The modern World e history /
Statement of responsibility, etc. George L. Lankevich, Andrea Finkelstein
260 ## - PUBLICATION, DISTRIBUTION, ETC. (IMPRINT)
Place of publication, distribution, etc. Estados Unidos :
Name of publisher, distributor, etc. Pearson Custom Publishing,
Date of publication, distribution, etc. 2000
300 ## - PHYSICAL DESCRIPTION
Extent 435 p. ;
Dimensions 26 cm.
700 ## - ADDED ENTRY--PERSONAL NAME
Personal name Finkelstein, Andrea
942 ## - ADDED ENTRY ELEMENTS (KOHA)
Source of classification or shelving scheme Dewey Decimal Classification
Koha item type Libros
945 ## - LOCAL PROCESSING INFORMATION (OCLC)
a Inventariado extranjero / 2017 VM
956 ## - LOCAL ELECTRONIC LOCATION AND ACCESS (OCLC)
Host name VMATEO
Access number 10
Compression information 20171128
Path BPMSU
Electronic name 0069
Existencias
Withdrawn status Lost status Source of classification or shelving scheme Damaged status Not for loan Collection code Home library Current library Date acquired Source of acquisition Total Checkouts Full call number Barcode Date last seen Price effective from Koha item type
    Dewey Decimal Classification     Colección General Biblioteca Pública Metropolitana Salomé Ureña Biblioteca Pública Metropolitana Salomé Ureña 11/28/2017 FUNDI   xx xx BPMSU17110495 11/28/2017 11/28/2017 Libros